Critical Analysis and Evaluation of Different views on the Rapture From Biblical Perspective | (Record no. 7978)

MARC details
000 -LEADER
fixed length control field 00616nam a22001697a 4500
003 - CONTROL NUMBER IDENTIFIER
control field GBCCL
005 - DATE AND TIME OF LATEST TRANSACTION
control field 20241126110640.0
008 - FIXED-LENGTH DATA ELEMENTS--GENERAL INFORMATION
fixed length control field 181122b ||||| |||| 00| 0 eng d
040 ## - CATALOGING SOURCE
Transcribing agency GBC
082 ## - DEWEY DECIMAL CLASSIFICATION NUMBER
Classification number ARCH GBC-2008
Item number CHO
100 ## - MAIN ENTRY--PERSONAL NAME
Personal name Chongloi, Nehmang
9 (RLIN) 13924
245 ## - TITLE STATEMENT
Title Critical Analysis and Evaluation of Different views on the Rapture From Biblical Perspective |
Statement of responsibility, etc. Nehmang Chongloi
260 ## - PUBLICATION, DISTRIBUTION, ETC.
Place of publication, distribution, etc. New Lamka:
Name of publisher, distributor, etc. Grace Bible College,
Date of publication, distribution, etc. 2008
300 ## - PHYSICAL DESCRIPTION
Extent iii + 49 p.;
650 ## - SUBJECT ADDED ENTRY--TOPICAL TERM
Topical term or geographic name entry element Rapture
Form subdivision Pre-Tribulation
-- Mid-Tribulation
-- Post Tribulation
General subdivision Judgment seat of Christ
-- Marriage of the Lamb
9 (RLIN) 13925
942 ## - ADDED ENTRY ELEMENTS (KOHA)
Source of classification or shelving scheme Dewey Decimal Classification
Koha item type Thesis
Holdings
Withdrawn status Lost status Source of classification or shelving scheme Damaged status Not for loan Home library Current Library Shelving location Date acquired Total checkouts Full call number Barcode Date last seen Copy number Price effective from Koha item type
    Dewey Decimal Classification     GRACE BIBLE COLLEGE GRACE BIBLE COLLEGE Archives 2018-11-22   ARCH GBC-2008 CHO 025103 2025-05-01 c.1 2018-11-22 Thesis
    Dewey Decimal Classification     GRACE BIBLE COLLEGE GRACE BIBLE COLLEGE Archives 2018-11-22   ARCH GBC-2008 CHO 025104 2025-05-01 c.2 2018-11-22 Thesis
© Grace Bible College Library 2025